Načítá se...
British romantic poets
| Hlavní autor: | |
|---|---|
| Médium: | Printed Book |
| Jazyk: | Malayalam |
| Vydáno: |
University of London press
University of London press
1968
|
| LEADER | 00428nam a2200121Ia 4500 | ||
|---|---|---|---|
| 008 | 111205s9999 xx 000 0 mal d | ||
| 100 | |a Kumar ,Shivak | ||
| 245 | |a British romantic poets |c Kumar ,Shivak | ||
| 260 | |b University of London press |a University of London press |c 1968 | ||
| 300 | |a 0 | ||
| 942 | |c BK | ||
| 999 | |c 223633 |d 223633 | ||
| 952 | |0 0 |1 0 |4 0 |7 0 |9 246916 |a MAL |b MAL |c ST1 |d 1987-06-17 |g 0.00 |l 0 |p MAL4363 |r 2015-04-13 |v 0.00 |w 2015-04-13 |y BK |k 1.00 | ||